000 00569nam a22002177a 4500
003 OSt
005 20140310182931.0
008 130131t xxu||||| |||| 00| 0 eng d
020 _a9789712353147
050 _aPN 4121
_b.Ab166 2009
082 _aFIL 808.5
_bAb9 2009
245 _aFundamentals of speech communication
_cAbulencia, Efren F.
260 _aManila
_bRex Book Store
_cc2009
300 _a189 p.
_c22 cm.
521 _acollege students
526 _c1210L-1700L
541 _j1
541 _j2
562 _e2
942 _2lcc
_cBK
_kFIL
999 _c17534
_d17534